000 00592nam a2200193Ia 4500
003 GCL
008 140319s9999 xx 000 0 eng d
040 _aGCL /
_cGCL
082 0 4 _a297.204
_bP G
100 1 _aPETERS, J.R.T.M
245 1 0 _aGOD'S GREATED SPEECH: A STUDY IN THE SPECULATIVE THEOLOGY OF THE MUTAZILI QADI AL-QUDAT ABU L-HASAN ABD AL-JABBAR BIN AHMAD AL HAMADANI /
_cPETERS, J.R.T.M
260 _a[S.N] :
_bE. J. BRILL ،
_c1976
300 _a447 P
650 0 4 _aTHEOLOGY
650 0 4 _aISLAMIC DOCTRINAL THEOLOGY
650 0 4 _aMUTAZILI
650 0 4 _aGOD
942 _2ddc
_cBK
999 _c14992
_d14992